<?xml version="1.0" encoding="UTF-8"?>
<collection xmlns:xsi="http://www.w3.org/2001/XMLSchema-instance" xsi:schemaLocation="http://www.loc.gov/MARC21/slim http://www.loc.gov/standards/marcxml/schema/MARC21slim.xsd" xmlns="http://www.loc.gov/MARC21/slim">
 <record>
  <leader>00000nam a2200000 i 4500</leader>
  <controlfield tag="001">UP-1685523046126092896</controlfield>
  <controlfield tag="003">Buklod</controlfield>
  <controlfield tag="005">20230517134404.0</controlfield>
  <controlfield tag="006">t     rm   |||| ud</controlfield>
  <controlfield tag="007">ta</controlfield>
  <controlfield tag="008">230517s2017    enk  ao r     000 0 eng  </controlfield>
  <datafield tag="020" ind1=" " ind2=" ">
   <subfield code="a">9781119340188</subfield>
  </datafield>
  <datafield tag="035" ind1=" " ind2=" ">
   <subfield code="a">UP-1685523046124794748</subfield>
  </datafield>
  <datafield tag="037" ind1=" " ind2=" ">
   <subfield code="a">FA-7114</subfield>
   <subfield code="b">Golden Books Services, Inc.</subfield>
   <subfield code="c">P2,602.00</subfield>
  </datafield>
  <datafield tag="040" ind1=" " ind2=" ">
   <subfield code="a">DLC</subfield>
   <subfield code="e">rda</subfield>
   <subfield code="c">DCFA</subfield>
  </datafield>
  <datafield tag="041" ind1=" " ind2=" ">
   <subfield code="a">eng</subfield>
  </datafield>
  <datafield tag="090" ind1=" " ind2=" ">
   <subfield code="a">TS 171.95</subfield>
   <subfield code="b">T47 2017</subfield>
  </datafield>
  <datafield tag="245" ind1="1" ind2="0">
   <subfield code="a">3d-Printed body architecture</subfield>
   <subfield code="c">Guest-edited by Neil Leach and Behnaz Farahi.</subfield>
  </datafield>
  <datafield tag="264" ind1=" " ind2="1">
   <subfield code="a">London, England</subfield>
   <subfield code="b">John Wiley &amp; Sons</subfield>
   <subfield code="c">2017</subfield>
  </datafield>
  <datafield tag="300" ind1=" " ind2=" ">
   <subfield code="a">136 pages</subfield>
   <subfield code="b">illustrations</subfield>
   <subfield code="c">28 cm</subfield>
  </datafield>
  <datafield tag="336" ind1=" " ind2=" ">
   <subfield code="a">text</subfield>
   <subfield code="2">rdacontent</subfield>
  </datafield>
  <datafield tag="337" ind1=" " ind2=" ">
   <subfield code="a">unmediated</subfield>
   <subfield code="2">rdamedia</subfield>
  </datafield>
  <datafield tag="338" ind1=" " ind2=" ">
   <subfield code="a">volume</subfield>
   <subfield code="2">rdacarrier</subfield>
  </datafield>
  <datafield tag="504" ind1=" " ind2=" ">
   <subfield code="a">Includes bibliographical references</subfield>
  </datafield>
  <datafield tag="505" ind1="0" ind2=" ">
   <subfield code="a">Introduction: What is 3D-Printed Body Architecture? 06&#13;
Neil Leach--&#13;
Dermi-Domus: A Grown Wardrobe for Bodies and Buildings 16&#13;
Neri Oxman--&#13;
Curating the Digital: An Interview with MoMA’s Paola Antonelli 26&#13;
Neil Leach--&#13;
Interactions: Dialogues on Body, Protections and Derivatives 34&#13;
Niccolò Casas--&#13;
Digitally Crafted Couture 40&#13;
Julia Koerner--&#13;
Dress/Code: Democratising Design Through Computation and Digital Fabrication 48&#13;
Jessica Rosenkrantz and Jesse Louis-Rosenberg--&#13;
Mass Customisation: Designed in China, Produced Globally 58&#13;
Steven Ma--&#13;
Micromechanical Assemblies and the Human Body 64&#13;
Francis Bitonti--&#13;
Reinventing Shoes: United Nude 70&#13;
Rem D Koolhaas--&#13;
Size Matters: Why Architecture is the Future of 3D Printing 76&#13;
Neil Leach--&#13;
Material Behaviours in 3D-Printed Fashion Items 84&#13;
Behnaz Farahi--&#13;
Clay Bodies: Crafting the Future with 3D Printing 92&#13;
Ronald Rael and Virginia San Fratello--&#13;
Crystalline Tectonics: An Architect’s Guide to 3D-Printing Sugar or Anything Else 98&#13;
Kyle von Hasseln--&#13;
Tectonism in Architecture, Design and Fashion: Innovations in Digital Fabrication as Stylistic Drivers 106&#13;
Patrik Schumacher--&#13;
The Shape of Touch: On-Body Interfaces for Digital Design and Fabrication 114&#13;
Madeline Gannon--&#13;
The Sonic Spectacle of the Enhanced Body 120&#13;
Eric Goldemberg--&#13;
Counterpoint Teapots, Dresses and Chairs 126&#13;
Gilles Retsin--</subfield>
  </datafield>
  <datafield tag="520" ind1=" " ind2=" ">
   <subfield code="a">&quot;Some architects dream of 3D-printing houses. Some even fantasise about 3D-printing entire cities. But what is the real potential of 3D printing for architects? This issue focuses on another strand of 3D-printing practice emerging among architects operating at a much smaller scale that is potentially more significant. Several architects have been working with the fashion industry to produce some exquisitely designed 3D-printed wearables. Other architects have been 3D-printing food, jewellery and other items at the scale of the human body. But what is the significance of this work? And how do these 3D-printed body-scale items relate to the discipline of architecture? Are they merely a distraction from the real business of the architect? Or do they point towards a new form of proto-architecture – like furniture, espresso makers and pavilions before them – that tests out architectural ideas and explores tectonic properties at a smaller scale? Or does this work constitute an entirely new arena of design? In other words, is 3D printing at the human scale to be seen as a new genre of 'body architecture'? This issue contains some of the most exciting work in this field today, and seeks to chart and analyse its significance.&quot;--</subfield>
  </datafield>
  <datafield tag="650" ind1=" " ind2="0">
   <subfield code="a">Three-dimensional printing.</subfield>
  </datafield>
  <datafield tag="650" ind1=" " ind2="0">
   <subfield code="a">Fashion and architecture.</subfield>
  </datafield>
  <datafield tag="700" ind1="1" ind2=" ">
   <subfield code="a">Leach, Neil</subfield>
   <subfield code="e">editor.</subfield>
  </datafield>
  <datafield tag="700" ind1="1" ind2=" ">
   <subfield code="a">Farahi, Behnaz</subfield>
   <subfield code="e">editor.</subfield>
  </datafield>
  <datafield tag="700" ind1="1" ind2=" ">
   <subfield code="a">Antonelli, Paola</subfield>
   <subfield code="e">contributor.</subfield>
  </datafield>
  <datafield tag="700" ind1="1" ind2=" ">
   <subfield code="a">Bitoni, Francis</subfield>
   <subfield code="e">contributor.</subfield>
  </datafield>
  <datafield tag="700" ind1="1" ind2=" ">
   <subfield code="a">Casas, Niccolo</subfield>
   <subfield code="e">contributor.</subfield>
  </datafield>
  <datafield tag="700" ind1="1" ind2=" ">
   <subfield code="a">Gannon, Madeline</subfield>
   <subfield code="e">contributor.</subfield>
  </datafield>
  <datafield tag="700" ind1="1" ind2=" ">
   <subfield code="a">Goldemberg, Eric</subfield>
   <subfield code="e">contributor.</subfield>
  </datafield>
  <datafield tag="700" ind1="1" ind2=" ">
   <subfield code="a">Koemer, Julia</subfield>
   <subfield code="e">contributor.</subfield>
  </datafield>
  <datafield tag="700" ind1="1" ind2=" ">
   <subfield code="a">Koolhaas, Rem D.</subfield>
   <subfield code="e">contributor.</subfield>
  </datafield>
  <datafield tag="700" ind1="1" ind2=" ">
   <subfield code="a">Louis-Rosenberg, Jesse</subfield>
   <subfield code="e">contributor.</subfield>
  </datafield>
  <datafield tag="700" ind1="1" ind2=" ">
   <subfield code="a">Ma, Steve</subfield>
   <subfield code="e">contributor.</subfield>
  </datafield>
  <datafield tag="842" ind1=" " ind2=" ">
   <subfield code="a">Book</subfield>
  </datafield>
  <datafield tag="905" ind1=" " ind2=" ">
   <subfield code="a">FO</subfield>
  </datafield>
  <datafield tag="852" ind1="0" ind2=" ">
   <subfield code="a">UPD</subfield>
   <subfield code="b">DCFA</subfield>
   <subfield code="h">TS 171.95</subfield>
   <subfield code="i">T47 2017</subfield>
  </datafield>
  <datafield tag="942" ind1=" " ind2=" ">
   <subfield code="a">Book</subfield>
  </datafield>
 </record>
</collection>
